[Event "Hastings Masters"]
[Site "Hastings"]
[Date "2008.01.05"]
[Round "9.40"]
[White "Calvert, David Ian"]
[Black "Spanton, Timothy"]
[Result "1/2-1/2"]
[WhiteElo "2058"]
[BlackElo "1985"]
[PlyCount "60"]
[EventDate "2007.12.28"]
[SourceDate "2007.12.28"]

1. b3 d5 2. Bb2 Nf6 3. Nf3 Bf5 4. c4 c6 5. g3 Nbd7 6. Bg2 e6 7. O-O Bd6 8. d3
O-O 9. Nbd2 Re8 10. a3 e5 11. cxd5 cxd5 12. e4 dxe4 13. Nxe4 Bxe4 14. dxe4 Nxe4
15. Nh4 Ndf6 16. Re1 Ng5 17. Nf5 Bc5 18. b4 Qc8 19. Ne3 Bd4 20. Bxd4 Rd8 21.
Qb3 exd4 22. Nd5 Nxd5 23. Bxd5 Nh3+ 24. Kg2 Qf5 25. Be4 Qd7 26. Qd3 Ng5 27. h4
Nxe4 28. Rxe4 Qc6 29. Kg1 Qc3 30. Rd1 Qxd3 1/2-1/2

[Event "Hastings Masters"]
[Site "Hastings"]
[Date "2008.01.05"]
[Round "9.41"]
[White "Ringor, Rodrigo"]
[Black "Raddatz, Michael"]
[Result "1-0"]
[WhiteElo "1848"]
[BlackElo "2037"]
[PlyCount "113"]
[EventDate "2007.12.28"]
[SourceDate "2007.12.28"]

1. e4 c5 2. Nf3 Nc6 3. d4 cxd4 4. Nxd4 Nf6 5. Nc3 e6 6. Be3 Bb4 7. Bd3 O-O 8.
O-O Ne5 9. Nce2 Nfg4 10. Bf4 Nxd3 11. Qxd3 e5 12. Qg3 d6 13. Nf5 Bxf5 14. exf5
h5 15. Bc1 Qf6 16. h3 Nh6 17. Bg5 Nxf5 18. Bxf6 Nxg3 19. fxg3 gxf6 20. Rxf6 Kg7
21. Raf1 Rad8 22. R6f5 Kg6 23. Rf6+ Kg7 24. h4 Rd7 25. Kh2 Ba5 26. R6f5 Rh8 27.
Rg5+ Kf8 28. Rff5 Rc7 29. c3 Rc4 30. Kg1 Bb6+ 31. Kf1 Ra4 32. a3 Ra5 33. Rxh5
Rxh5 34. Rxh5 Rd5 35. Ke1 Be3 36. Rf5 Ke7 37. Rf3 Bd2+ 38. Kf1 e4 39. Nf4 Rb5
40. Rf2 Rxb2 41. Re2 f5 42. Kf2 Kf7 43. Nd5 Ke6 44. c4 Ke5 45. h5 Kd4 46. h6
e3+ 47. Kg1 Kd3 48. Rxe3+ Bxe3+ 49. Nxe3 Kxe3 50. h7 Rc2 51. h8=Q Rxc4 52. Qh6+
Ke2 53. Qxd6 Rc3 54. Qe5+ Re3 55. Qxf5 a6 56. Qc2+ Ke1 57. Qf2+ 1-0

[Event "Hastings Masters"]
[Site "Hastings"]
[Date "2008.01.05"]
[Round "9.42"]
[White "Garnett, John S"]
[Black "Franklin, Samuel"]
[Result "1-0"]
[WhiteElo "2032"]
[BlackElo "1917"]
[PlyCount "103"]
[EventDate "2007.12.28"]
[SourceDate "2007.12.28"]

1. d4 g6 2. Nf3 Nf6 3. g3 Bg7 4. Bg2 O-O 5. c4 d6 6. O-O Nc6 7. Nc3 Bf5 8. Re1
Ne4 9. Nxe4 Bxe4 10. d5 Na5 11. Qa4 b6 12. e3 c5 13. Nd2 Bxg2 14. Kxg2 a6 15.
Qc2 b5 16. Rb1 Nxc4 17. Nxc4 bxc4 18. Qxc4 Qa5 19. Rd1 Qb5 20. b3 Rab8 21. Qe4
Rb7 22. Bd2 Rfb8 23. Rbc1 Bf6 24. Bc3 Bxc3 25. Rxc3 Qe2 26. Qc2 Qxc2 27. Rxc2
Rb4 28. Rdc1 Kg7 29. Rc4 Kf6 30. e4 a5 31. f4 a4 32. Rxb4 Rxb4 33. Rc4 axb3 34.
Rxb4 cxb4 35. axb3 g5 36. Kf3 gxf4 37. gxf4 e6 38. dxe6 fxe6 39. Ke3 Kg6 40.
Kd4 Kh5 41. e5 dxe5+ 42. fxe5 Kg4 43. Kc5 Kf4 44. Kxb4 Kxe5 45. Kc5 Kf5 46. b4
e5 47. b5 e4 48. Kd4 Kf4 49. b6 e3 50. b7 e2 51. b8=Q+ Kf3 52. Qg3# 1-0

[Event "Hastings Masters"]
[Site "Hastings"]
[Date "2008.01.05"]
[Round "9.44"]
[White "Atako, Chino"]
[Black "Lee, Jia Shen"]
[Result "1/2-1/2"]
[WhiteElo "2149"]
[BlackElo "1920"]
[PlyCount "144"]
[EventDate "2007.12.28"]
[SourceDate "2007.12.28"]

1. e4 e6 2. Nc3 d5 3. Nf3 Nf6 4. e5 Nfd7 5. d4 c5 6. dxc5 Bxc5 7. Bd3 Nc6 8.
Bf4 a6 9. O-O b5 10. Re1 b4 11. Na4 Be7 12. Bg3 Nb6 13. Nxb6 Qxb6 14. Qd2 h6
15. h4 a5 16. c4 bxc3 17. bxc3 Ba6 18. Rab1 Qc7 19. Bc2 Bc4 20. Qf4 a4 21. Qg4
Kd7 22. Red1 Bxa2 23. Rb2 Bb3 24. Bxb3 axb3 25. Rxd5+ Kc8 26. Qxg7 Rd8 27.
Rxd8+ Qxd8 28. Kh2 Qd5 29. Nd4 Nxd4 30. cxd4 Ra2 31. Rb1 b2 32. Qxf7 Ba3 33.
Qg8+ Kc7 34. Qh7+ Kb6 35. Qc2 Qb5 36. Qd1 Qc4 37. Bf4 h5 38. Be3 Kc7 39. Bd2
Kc8 40. Qxh5 Ra1 41. Qe8+ Kb7 42. Qd7+ Kb8 43. Rxb2+ Bxb2 44. Qd6+ Kc8 45. Be3
Ra4 46. Qf8+ Kd7 47. Qd6+ Kc8 48. Kg3 Ba3 49. Qb6 Bb4 50. Bg5 Ba5 51. Qd6 Bc7
52. Qf8+ Kb7 53. Qf3+ Kc8 54. Qe4 Qc3+ 55. Qe3 Qb2 56. Qd2 Qxd2 57. Bxd2 Rxd4
58. Bf4 Kd7 59. Kf3 Ke8 60. g4 Kf7 61. h5 Ra4 62. Bg3 Ra5 63. Ke4 Ra4+ 64. Kf3
Kg7 65. Bf4 Bb6 66. Bg5 Ra3+ 67. Kg2 Ra2 68. Bh4 Bd4 69. Bg3 Rb2 70. Kf3 Ra2
71. Kg2 Re2 72. Kf3 Rd2 1/2-1/2

[Event "Hastings Masters"]
[Site "Hastings"]
[Date "2008.01.05"]
[Round "9.45"]
[White "Young, Mel"]
[Black "Milnes, Anthony CP"]
[Result "1/2-1/2"]
[WhiteElo "1954"]
[BlackElo "2126"]
[PlyCount "129"]
[EventDate "2007.12.28"]
[SourceDate "2007.12.28"]

1. e4 e6 2. d4 d5 3. exd5 exd5 4. Nf3 Bd6 5. c4 c6 6. Nc3 Ne7 7. Bd3 dxc4 8.
Bxc4 O-O 9. O-O Bg4 10. h3 Bh5 11. g4 Bg6 12. Ne5 Nd7 13. Re1 Nb6 14. Bb3 Ned5
15. Qf3 Bc7 16. Bd2 Qd6 17. Ne4 Bxe4 18. Qxe4 Rad8 19. Nf3 Nf6 20. Qf5 g6 21.
Qe5 Nbd5 22. Qxd6 Bxd6 23. Bg5 Rde8 24. Ne5 Kg7 25. Re2 h6 26. Bxd5 Nxd5 27.
Bxh6+ {(=)} Kxh6 28. Nxf7+ Rxf7 29. Rxe8 Bc7 30. Rae1 Bb6 31. R8e4 Nb4 32. R1e3
Nd5 33. Re2 Rf3 34. Kg2 Rd3 35. h4 Rxd4 36. Rxd4 Bxd4 37. Kf3 Kg7 38. Ke4 Bf6
39. g5 Bd8 40. f4 Bc7 41. f5 Bg3 42. fxg6 Kxg6 43. Kf3 Bxh4 44. Re8 Bxg5 45.
Rb8 Be3 46. Rxb7 Kf6 47. Ke4 Ke6 48. a3 Bb6 49. Rg7 Kd6 50. b4 Nf6+ 51. Kd3 Nd7
52. Rg3 Kc7 53. Rg7 Kd6 54. Rg6+ Kd5 55. Kc3 Bd4+ 56. Kb3 Ne5 57. Rg8 Ke4 58.
Rc8 Bb6 59. a4 Kd5 60. a5 Be3 61. Rd8+ Ke6 62. Re8+ Kd6 63. Ra8 Bd4 64. Rd8+
Nd7 65. Rg8 1/2-1/2

[Event "Hastings Masters"]
[Site "Hastings"]
[Date "2008.01.05"]
[Round "9.48"]
[White "Cohen, Ronnie"]
[Black "Macrae, James"]
[Result "1-0"]
[WhiteElo "1973"]
[BlackElo "1766"]
[PlyCount "109"]
[EventDate "2007.12.28"]
[SourceDate "2007.12.28"]

1. e4 Nc6 2. Nf3 d6 3. d4 Nf6 4. Nc3 a6 5. h3 e6 6. Be3 Be7 7. a3 O-O 8. Bd3 b5
9. O-O Bb7 10. Nd2 e5 11. d5 Nb8 12. Ne2 c6 13. dxc6 Bxc6 14. Ng3 Nbd7 15. Nf5
Nc5 16. f3 Nxd3 17. cxd3 Qd7 18. b4 Rfc8 19. Nb3 Rab8 20. Qd2 Bd8 21. Qf2 g6
22. Nh6+ Kg7 23. d4 exd4 24. Nxd4 Ba8 25. Qg3 Kf8 26. Nhf5 Nh5 27. Qxd6+ Qxd6
28. Nxd6 Rc3 29. Bf2 Be7 30. e5 Bxd6 31. exd6 Rd8 32. Ne2 Rc2 33. Rfe1 Rd2 34.
Bc5 Kg8 35. Rad1 Rxd1 36. Rxd1 Bc6 37. Nd4 Bd7 38. Re1 Re8 39. Rxe8+ Bxe8 40.
Nb3 Nf6 41. Kf2 Nd5 42. Ba7 Nf6 43. Nc5 a5 44. bxa5 Bc6 45. Bb6 Kf8 46. Ke3 Ke8
47. Kd4 Nd7 48. Nd3 Bb7 49. Nb4 Nb8 50. Kc5 Kd7 51. Bc7 Nc6 52. Kxb5 Nxb4 53.
axb4 g5 54. Kb6 Kc8 55. d7+ 1-0

[Event "Hastings Masters"]
[Site "Hastings"]
[Date "2008.01.05"]
[Round "9.49"]
[White "Guo, Xi-Yang"]
[Black "Salimbeni, George"]
[Result "0-1"]
[WhiteElo "1853"]
[BlackElo "2058"]
[PlyCount "66"]
[EventDate "2007.12.28"]
[SourceDate "2007.12.28"]

1. e4 e5 2. Nf3 Nc6 3. d4 exd4 4. Nxd4 Nf6 5. Nxc6 bxc6 6. e5 Qe7 7. Qe2 Nd5 8.
c4 Nb6 9. Nc3 a5 10. Bd2 Ba6 11. Qe4 g6 12. O-O-O Bg7 13. Re1 Qc5 14. Be3 Qb4
15. Bxb6 Qxb6 16. b3 Qxf2 17. Bd3 O-O 18. Rhf1 Qc5 19. Na4 Qa3+ 20. Kb1 Rab8
21. Nb2 a4 22. Bc2 d5 23. Qh4 axb3 24. Bxb3 dxc4 25. Nxc4 Rxb3+ 26. axb3 Qxb3+
27. Kc1 Qc3+ 28. Kd1 Bxc4 29. Rf3 Bd3 30. Ree3 Qc2+ 31. Ke1 Rb8 32. Rxd3 Rb1+
33. Rd1 Rxd1# 0-1

[Event "Hastings Masters"]
[Site "Hastings"]
[Date "2008.01.05"]
[Round "9.51"]
[White "Reuben, Stewart"]
[Black "Auckland, Elliott"]
[Result "1/2-1/2"]
[WhiteElo "2165"]
[BlackElo "1910"]
[PlyCount "111"]
[EventDate "2007.12.28"]
[SourceDate "2007.12.28"]

1. c4 Nf6 2. Nc3 g6 3. g3 d5 4. cxd5 Nxd5 5. Bg2 Nb6 6. d3 Bg7 7. Be3 c6 8. Rc1
O-O 9. Qd2 N8d7 10. Bh6 Nf6 11. Nf3 Nbd5 12. Ne5 Be6 13. h4 Nxc3 14. bxc3 Qa5
15. Bxg7 Kxg7 16. d4 Qxa2 17. Qxa2 Bxa2 18. c4 a5 19. Nd3 Rfd8 20. e3 Nd7 21.
Ke2 a4 22. Rc3 Nb6 23. Rhc1 a3 24. Ra1 Bxc4 25. Rcxa3 Rxa3 26. Rxa3 Ra8 27.
Rxa8 Nxa8 28. Kd2 Bxd3 29. Kxd3 Nb6 30. Kc3 f6 31. Kb4 g5 32. hxg5 fxg5 33. Ka5
Nd7 34. Bh3 Nf6 35. Kb6 Ne4 36. Kxb7 Nxf2 37. Bd7 g4 38. Bxc6 Kf6 39. e4 e5 40.
Kc7 exd4 41. Kd6 Nd3 42. Bb5 Ne5 43. Kd5 d3 44. Kd4 d2 45. Be2 Nf3+ 46. Ke3 Ke5
47. Bd1 h5 48. Bc2 Nh2 49. Ba4 Nf1+ 50. Kf2 Kxe4 51. Bc2+ Kd4 52. Kxf1 Ke3 53.
Bd1 Ke4 54. Ke2 Kf5 55. Kxd2 Kg5 56. Ke3 1/2-1/2